The cost of poor housing to the NHS $[ electronic resource] (Record no. 116185)

MARC details
000 -LEADER
fixed length control field 01160cam a22002895a 4500
001 - CONTROL NUMBER
control field L160065
008 - FIXED-LENGTH DATA ELEMENTS--GENERAL INFORMATION
fixed length control field 110523s2010 xxko f 000 0 eng d
020 ## - INTERNATIONAL STANDARD BOOK NUMBER
International Standard Book Number 9781848061545
035 ## - SYSTEM CONTROL NUMBER
System control number (Sirsi) u160065
041 0# - LANGUAGE CODE
Language code of text/sound track or separate title eng
050 04 - LIBRARY OF CONGRESS CALL NUMBER
Classification number 306.1 $2 18
100 1# - MAIN ENTRY--PERSONAL NAME
Personal name Nicol, Simon
245 04 - TITLE STATEMENT
Title The cost of poor housing to the NHS $[ electronic resource]
260 ## - PUBLICATION, DISTRIBUTION, ETC.
Place of publication, distribution, etc. Watford
Name of publisher, distributor, etc. BRE
Date of publication, distribution, etc. 2010
300 ## - PHYSICAL DESCRIPTION
Extent ebook
490 #0 - SERIES STATEMENT
Series statement BRE
520 ## - SUMMARY, ETC.
Summary, etc. This Briefing Paper has been produced as an update to The Real Cost of Poor Housing 2010. It provides an updated estimate of the cost of poor housing and provides readers with the economic justification for investing in improving the existing housing stock.
521 ## - TARGET AUDIENCE NOTE
Target audience note Advanced
590 ## - LOCAL NOTE (RLIN)
Local note KA
650 24 - SUBJECT ADDED ENTRY--TOPICAL TERM
Topical term or geographic name entry element POOR HOUSING
651 #4 - SUBJECT ADDED ENTRY--GEOGRAPHIC NAME
Geographic name United Kingdom
Chronological subdivision
690 ## - LOCAL SUBJECT ADDED ENTRY--TOPICAL TERM (OCLC, RLIN)
Topical term or geographic name as entry element PROPERTY-RESIDENTIAL PROPERTY-DOMESTIC RESIDENTIAL PROPERTY-HOUSING
700 1# - ADDED ENTRY--PERSONAL NAME
Personal name Roys, Mike
700 1# - ADDED ENTRY--PERSONAL NAME
Personal name Garrett, Helen
856 48 - ELECTRONIC LOCATION AND ACCESS
Uniform Resource Identifier <a href="https://www.housinglin.org.uk/_assets/Resources/Housing/Support_materials/87741-Cost-of-Poor-Housing-Briefing-Paper-v3.pdf">https://www.housinglin.org.uk/_assets/Resources/Housing/Support_materials/87741-Cost-of-Poor-Housing-Briefing-Paper-v3.pdf</a>
Public note View the document free of charge at www.housinglin.org.uk
942 ## - ADDED ENTRY ELEMENTS (KOHA)
Suppress in OPAC 0
Holdings
Withdrawn status Lost status Source of classification or shelving scheme Damaged status Not for loan Home library Current library Shelving location Date acquired Total Checkouts Full call number Barcode Date last seen Copy number Price effective from Koha item type
    Dewey Decimal Classification     Virtual Virtual Online 15/05/2018   ONLINE PUBLICATION 160065-2001 06/08/2019 1 06/08/2019 Book